The United States and the Middle East.

محفوظ في:

مؤلف مشترك: American Assembly

مؤلفون آخرون: Stevens, Georgiana G.

التنسيق: كتاب

اللغة: English

منشور في: Englewood Cliffs, N.J., : Prentice-Hall, [1964].

سلاسل: A Spectrum book.

الموضوعات:

الوسوم: إضافة وسم

لا توجد وسوم, كن أول من يضع وسما على هذه التسجيلة!

رقم الطلب: DS44 .A4 1964

LEADER 01239nam a22002771 4500
001 6795
003 OSt
005 20260309093355.0
008 130303s1964 njub 000 0 eng d
010 |a 64014027 
035 |a ocm 00711118 
040 |c ARCE Library 
043 |a aw----- 
050 4 |a DS44 .A4 1964 
110 2 |a American Assembly, 
245 1 4 |a The United States and the Middle East. 
264 1 |a Englewood Cliffs, N.J., :  |b Prentice-Hall,  |c [1964]. 
300 |a viii, 182 pages :  |b maps ;  |c 23 cm. 
490 0 |a A Spectrum book. 
500 |a "Prepared under the editorial supervision of Georgiana G. Stevens ... as background reading for the twenty-fourth American Assembly, Arden House, Harriman, New York, October 24-27, 1963." 
505 0 |g 1.  |t Middle East background /  |r William Sands --  |g 2.  |t Social modernization: the new men /  |r William R. Polk --  |g 3.  |t Economic modernization /  |r A.J. Meyer --  |g 4.  |t Regional and international politics in the Middle East /  |r J.C. Hurewitz --  |g 5.  |t The Arab-Israeli Conflict today /  |r Harry B. Ellis --  |g 6.  |t United States policy and the Middle East /  |r Richard H. Nolte. 
651 0 |a Middle East. 
700 1 |a Stevens, Georgiana G. 
901 |a reviewed 
942 |c BK  |2 lcc 
999 |c 4442  |d 4442